| 000 | 00687nam a22002057a 4500 | ||
|---|---|---|---|
| 999 |
_c328861 _d328861 |
||
| 003 | Nust | ||
| 005 | 20180416043907.0 | ||
| 008 | 170418b xxu||||| |||| 00| 0 eng d | ||
| 040 | _cNust | ||
| 082 |
_a297.122 _bNAD |
||
| 100 |
_aNadvi, Syed Sulaiman _910219 |
||
| 245 |
_aTareekh arzul Quran/ _cby Syed Sulaiman Nadvi |
||
| 260 |
_aIslamabad: _bNational Book Foundation, _c1992 |
||
| 300 | _a229 p. | ||
| 650 |
_aQuran-History _910220 |
||
| 880 |
_6100-01\r _aسید سلیمان ندوی |
||
| 880 |
_6245-02\r _aتاریخ ارض القرآن _cسید سلیمان ندوی |
||
| 880 |
_6260-03\r _aاسلام آباد: _bنیشنل بک فاؤنڈیشن، _c1992 |
||
| 942 |
_2ddc _cBK |
||